[Event "Titled Tuesday intern op 23rd Apr Late"]
[Site "Chess.com INT"]
[Date "2024.04.23"]
[Round "6"]
[White "Lin, Bryan Enming"]
[Black "Zhou, Qiyu"]
[Result "1-0"]
[WhiteElo "2087"]
[BlackElo "2201"]
[PlyCount "63"]
[EventDate "2024.04.23"]
[EventType "swiss (blitz)"]
[EventRounds "11"]
[EventCountry "USA"]
[SourceTitle "CB18_2024"]
[SourceDate "2024.05.01"]
[SourceVersion "1"]
[SourceVersionDate "2024.05.01"]
[SourceQuality "2"]

1. e4 e5 2. Nf3 d6 3. d4 Nc6 4. Nc3 Nf6 5. h3 Be7 6. Bb5 exd4 7. Nxd4 Bd7 8. 0-0 0-0 9. Bc4 Ne5 10. Bb3 c5 11. Nf5 Bxf5 12. exf5 c4 13. Ba4 d5 14. Bf4 Nc6 15. Ne2 Qa5 16. c3 b5 17. Bc2 b4 18. Qd2 Rfd8 19. Nd4 Nxd4 20. cxd4 Rac8 21. Rfe1 c3 22. bxc3 bxc3 23. Qe3 Ba3 24. Be5 Ne4 25. f3 f6 26. fxe4 fxe5 27. exd5 Qxd5 28. Bb3 Rc4 29. Qxe5 Qxd4+ 30. Kh1 c2 31. Qe6+ Kf8 32. Bxc4 1-0

[Event "Titled Tuesday intern op 16th Apr Late"]
[Site "Chess.com INT"]
[Date "2024.04.16"]
[Round "5"]
[White "Meza Astrada, Agustin"]
[Black "Zhou, Qiyu"]
[Result "0-1"]
[WhiteElo "2032"]
[BlackElo "2201"]
[PlyCount "130"]
[EventDate "2024.04.16"]
[EventType "swiss (blitz)"]
[EventRounds "11"]
[EventCountry "USA"]
[SourceTitle "CB17_2024"]
[SourceDate "2024.04.24"]
[SourceVersion "1"]
[SourceVersionDate "2024.04.24"]
[SourceQuality "1"]

1. e4 e5 2. Nf3 Nc6 3. Bb5 a6 4. Ba4 Nf6 5. 0-0 b5 6. Bb3 Be7 7. a4 Rb8 8. a5 0-0 9. d3 d6 10. Re1 Be6 11. c3 h6 12. Nbd2 Nh5 13. Nf1 Bxb3 14. Qxb3 b4 15. Qa4 Rb5 16. cxb4 Nxb4 17. Qd1 c6 18. Nxe5 Rxe5 19. d4 Rxa5 20. Rxa5 Qxa5 21. Bd2 Nf6 22. e5 dxe5 23. Rxe5 Nfd5 24. Qg4 Bf6 25. Bxh6 Bxe5 26. dxe5 g6 27. Bxf8 Kxf8 28. Qc8+ Kg7 29. e6 fxe6 30. Qxe6 Qc7 31. h3 Qe7 32. Qg4 Qe5 33. Ng3 a5 34. Qd7+ Qe7 35. Qg4 Qe5 36. Qd7+ Ne7 37. b3 Nbd5 38. h4 Nf6 39. Qa7 Nh5 40. Nf1 Kf7 41. Ne3 Nf4 42. g3 Ne2+ 43. Kf1 Nc3 44. Ng4 Qe2+ 45. Kg2 Qxg4 46. Qc5 Qe4+ 47. Kh2 Ncd5 48. Qxa5 Qf3 49. Qd2 Qe4 50. b4 Qf5 51. b5 cxb5 52. Qd4 b4 53. g4 Qf4+ 54. Qxf4+ Nxf4 55. Kg3 Nfd5 56. Kf3 b3 57. h5 b2 58. hxg6+ Kxg6 59. Kg3 b1Q 60. f4 Qd3+ 61. Kh4 Qd2 62. f5+ Kf6 63. g5+ Qxg5+ 64. Kh3 Nf4+ 65. Kh2 Qg2# 0-1

[Event "Titled Tuesday intern op 16th Apr Late"]
[Site "Chess.com INT"]
[Date "2024.04.16"]
[Round "7"]
[White "Zhou, Qiyu"]
[Black "Zrikem, Nassim"]
[Result "1-0"]
[WhiteElo "2201"]
[BlackElo "2205"]
[PlyCount "93"]
[EventDate "2024.04.16"]
[EventType "swiss (blitz)"]
[EventRounds "11"]
[EventCountry "USA"]
[SourceTitle "CB17_2024"]
[SourceDate "2024.04.24"]
[SourceVersion "1"]
[SourceVersionDate "2024.04.24"]
[SourceQuality "1"]

1. e4 e5 2. Nf3 Nc6 3. Bb5 a6 4. Ba4 Nf6 5. 0-0 b5 6. Bb3 Bc5 7. d3 d6 8. c3 h6 9. h3 0-0 10. Be3 Ba7 11. Nbd2 Na5 12. Bc2 Bxe3 13. fxe3 c5 14. Qe1 Nh7 15. Qg3 Nc6 16. Nh4 Qg5 17. Qf2 Ra7 18. Nf5 Bxf5 19. exf5 d5 20. e4 d4 21. Nf3 Qf6 22. a4 b4 23. c4 b3 24. Bd1 Nb4 25. Qd2 Rb8 26. Ra3 Rab7 27. Rxb3 Qc6 28. Ra3 f6 29. b3 Nf8 30. g4 Qe8 31. Kh2 Qd8 32. Kg3 Nc6 33. Rh1 Na5 34. h4 Nxb3 35. Bxb3 Rxb3 36. Rxb3 Rxb3 37. g5 Kh7 38. Nh2 fxg5 39. Ng4 gxh4+ 40. Rxh4 Kg8 41. Nxh6+ gxh6 42. Qxh6 Kf7 43. Rg4 Rxd3+ 44. Kf2 Qa5 45. Rg7+ Ke8 46. Qc6+ Kd8 47. Qa8# 1-0

[Event "Toronto Candidates Blitz op"]
[Site "Toronto"]
[Date "2024.04.08"]
[Round "5"]
[White "Zhou, Qiyu"]
[Black "Vettese, Nicholas"]
[Result "0-1"]
[WhiteElo "2201"]
[BlackElo "2206"]
[PlyCount "60"]
[EventDate "2024.04.08"]
[EventType "swiss (blitz)"]
[EventRounds "9"]
[EventCountry "CAN"]
[SourceTitle "CB16_2024"]
[SourceDate "2024.04.17"]
[SourceVersion "1"]
[SourceVersionDate "2024.04.17"]
[SourceQuality "1"]

1. e4 c5 2. Nf3 e6 3. d4 cxd4 4. Nxd4 Nc6 5. Nc3 Qc7 6. a3 Nf6 7. Be3 Be7 8. Be2 0-0 9. 0-0 a6 10. Qd2 Ne5 11. f4 Nc4 12. Bxc4 Qxc4 13. e5 Ng4 14. Ne4 b5 15. b3 Qc7 16. h3 Nxe3 17. Qxe3 Bb7 18. Rad1 Bxa3 19. Ng5 h6 20. Ngf3 d6 21. f5 exf5 22. e6 Bc5 23. exf7+ Qxf7 24. Qf4 Rae8 25. Kh1 Re4 26. Qg3 f4 27. Qf2 Re3 28. Rd3 Rxd3 29. cxd3 Bxf3 30. gxf3 Qf6 0-1

[Event "I'M Not A GM Gp-B"]
[Site "Chess.com INT"]
[Date "2023.10.12"]
[Round "1.3"]
[White "Rozman, Levy"]
[Black "Zhou, Qiyu"]
[Result "1-0"]
[WhiteElo "2322"]
[BlackElo "2201"]
[PlyCount "105"]
[EventDate "2023.10.12"]
[EventType "tourn (blitz)"]
[EventRounds "3"]
[EventCountry "USA"]
[EventCategory "4"]
[SourceTitle "Mega2024 Update 01"]
[Source "Chessbase"]
[SourceDate "2023.11.12"]
[SourceVersion "1"]
[SourceVersionDate "2023.11.12"]
[SourceQuality "1"]

1. d4 d5 2. Bg5 h6 3. Bh4 Nf6 4. Bxf6 exf6 5. e3 Bf5 6. Bd3 Bxd3 7. Qxd3 c6 8. Ne2 Bd6 9. Nd2 0-0 10. c4 Na6 11. a3 Nc7 12. 0-0 Qd7 13. h3 f5 14. b4 Rfe8 15. Rab1 a6 16. Rfc1 Rad8 17. a4 dxc4 18. Nxc4 g6 19. Na5 Nd5 20. b5 cxb5 21. axb5 Bb4 22. Nb3 Qxb5 23. Qxb5 axb5 24. Nc5 Re7 25. Nd3 Ba3 26. Rc2 b4 27. Rc5 b6 28. Rc6 Rdd7 29. Nef4 Nc3 30. Rb3 Rc7 31. Nxb4 Bxb4 32. Rxc7 Rxc7 33. Rxb4 Rc6 34. d5 Rd6 35. Rc4 Ne4 36. Rc6 Kf8 37. f3 Ke7 38. fxe4 fxe4 39. Rc7+ Kf6 40. Rb7 g5 41. Ne2 Ke5 42. Nc3 f5 43. Kf2 f4 44. Ke2 fxe3 45. Kxe3 h5 46. Re7+ Kf6 47. Rh7 Kg6 48. Rb7 g4 49. Kxe4 gxh3 50. gxh3 Kg5 51. Ke5 Rg6 52. d6 Kh4 53. d7 1-0

[Event "Titled Tuesday intern op 25th Jul Late"]
[Site "Chess.com INT"]
[Date "2023.07.25"]
[Round "4"]
[White "Zhou, Qiyu"]
[Black "Osiecki, Stanislaw"]
[Result "0-1"]
[WhiteElo "2201"]
[BlackElo "1981"]
[PlyCount "35"]
[EventDate "2023.07.25"]
[EventType "swiss (blitz)"]
[EventRounds "11"]
[EventCountry "USA"]
[SourceTitle "EXT 2024"]
[Source "ChessBase"]
[SourceDate "2023.10.10"]
[SourceVersion "1"]
[SourceVersionDate "2023.10.10"]
[SourceQuality "1"]

1. e4 e6 2. d4 d5 3. Nc3 Bb4 4. e5 c5 5. a3 Bxc3+ 6. bxc3 Qc7 7. Nf3 Ne7 8. h4 cxd4 9. cxd4 0-0 10. h5 h6 11. Rh4 b6 12. Rg4 Nf5 13. Bd3 Ba6 14. Kf1 Bxd3+ 15. Qxd3 Rc8 16. Ra2 Qc4 17. Be3 Qxa2 18. Kg1 0-1

[Event "Titled Tuesday intern op 04th Jul Late"]
[Site "Chess.com INT"]
[Date "2023.07.04"]
[Round "8"]
[White "Zhou, Qiyu"]
[Black "Liu, Casper Yukun"]
[Result "0-1"]
[WhiteElo "2201"]
[BlackElo "2278"]
[PlyCount "102"]
[EventDate "2023.07.04"]
[EventType "swiss (blitz)"]
[EventRounds "11"]
[EventCountry "USA"]
[SourceTitle "EXT 2024"]
[Source "ChessBase"]
[SourceDate "2023.10.10"]
[SourceVersion "1"]
[SourceVersionDate "2023.10.10"]
[SourceQuality "1"]

1. e4 a6 2. d4 g6 3. Nc3 Bg7 4. Be3 d6 5. f3 Nd7 6. Qd2 b5 7. 0-0-0 Bb7 8. g4 c5 9. dxc5 Nxc5 10. Bd4 Nf6 11. Bg2 0-0 12. h4 Qa5 13. Kb1 Rfc8 14. h5 Ne6 15. Be3 Nd7 16. Nd5 Qxd2 17. Rxd2 Bxd5 18. exd5 Nec5 19. Ne2 Nb6 20. Bd4 Nc4 21. Rdd1 Bxd4 22. Rxd4 Na4 23. hxg6 hxg6 24. g5 Kg7 25. Rdh4 Rh8 26. Rxh8 Rxh8 27. Rxh8 Kxh8 28. b3 Ne3 29. Bh3 Nb6 30. Nf4 Nbxd5 31. Nxd5 Nxd5 32. Kb2 b4 33. a3 a5 34. axb4 axb4 35. c4 bxc3+ 36. Kc2 Kg7 37. Kd3 f5 38. gxf6+ Kxf6 39. Bc8 g5 40. Bb7 Ke5 41. Bxd5 Kxd5 42. Kxc3 Kc5 43. b4+ Kb5 44. Kb3 d5 45. Kc3 e5 46. Kb3 e4 47. fxe4 dxe4 48. Kc3 g4 49. Kd4 g3 50. Ke3 Kxb4 51. Kxe4 g2 0-1

[Event "Titled Tuesday intern op 13th Jun Late"]
[Site "Chess.com INT"]
[Date "2023.06.13"]
[Round "9"]
[White "Estrada Nieto, Julian"]
[Black "Zhou, Qiyu"]
[Result "1-0"]
[WhiteElo "2217"]
[BlackElo "2201"]
[PlyCount "77"]
[EventDate "2023.06.13"]
[EventType "swiss (blitz)"]
[EventRounds "11"]
[EventCountry "USA"]
[SourceTitle "EXT 2024"]
[Source "ChessBase"]
[SourceDate "2023.10.10"]
[SourceVersion "1"]
[SourceVersionDate "2023.10.10"]
[SourceQuality "1"]

1. e4 e5 2. Nf3 Nc6 3. Bb5 a6 4. Bxc6 dxc6 5. 0-0 Bg4 6. h3 h5 7. d3 Qf6 8. Be3 Bd6 9. Nbd2 Ne7 10. Re1 Bxf3 11. Qxf3 Qxf3 12. Nxf3 c5 13. a4 f6 14. Nd2 Nc6 15. c3 0-0-0 16. Nc4 Be7 17. Red1 Rd7 18. Kf1 Rhd8 19. Ke2 g6 20. f4 Bd6 21. fxe5 Nxe5 22. Nxe5 fxe5 23. Rf1 Rf8 24. Rxf8+ Bxf8 25. Rf1 Bg7 26. Bxc5 b6 27. Be3 Kd8 28. Rd1 Ke7 29. d4 Ke6 30. d5+ Kd6 31. Rf1 Re7 32. Kd3 Rd7 33. Kc4 c5 34. b4 b5+ 35. axb5 axb5+ 36. Kxb5 Rb7+ 37. Kc4 cxb4 38. cxb4 Kd7 39. Bc5 1-0

[Event "Titled Tuesday intern op 13th Jun Late"]
[Site "Chess.com INT"]
[Date "2023.06.13"]
[Round "4"]
[White "Haszon, David"]
[Black "Zhou, Qiyu"]
[Result "1-0"]
[WhiteElo "2264"]
[BlackElo "2201"]
[PlyCount "63"]
[EventDate "2023.06.13"]
[EventType "swiss (blitz)"]
[EventRounds "11"]
[EventCountry "USA"]
[SourceTitle "EXT 2024"]
[Source "ChessBase"]
[SourceDate "2023.10.10"]
[SourceVersion "1"]
[SourceVersionDate "2023.10.10"]
[SourceQuality "1"]

1. d4 Nf6 2. Nf3 d5 3. Bf4 e6 4. e3 Bd6 5. Bg3 0-0 6. Nbd2 c5 7. c3 Nc6 8. Bd3 Qe7 9. Ne5 Nd7 10. Nxd7 Bxd7 11. Bxd6 Qxd6 12. dxc5 Qxc5 13. Bxh7+ Kxh7 14. Qh5+ Kg8 15. Ne4 Qc4 16. Ng5 Qd3 17. e4 Rfd8 18. Qxf7+ Kh8 19. h4 Ne5 20. Qh5+ Kg8 21. Rd1 Qc2 22. 0-0 Be8 23. Qh7+ Kf8 24. Nxe6+ Ke7 25. Nxd8 Rxd8 26. Qxg7+ Nf7 27. exd5 Qf5 28. Rfe1+ Kd7 29. Qd4 b6 30. Qa4+ Kc7 31. Qxa7+ Kd6 32. Qxb6+ 1-0

[Event "Titled Tuesday intern op 13th Jun Late"]
[Site "Chess.com INT"]
[Date "2023.06.13"]
[Round "7"]
[White "Zhou, Qiyu"]
[Black "Golubev, Mikhail"]
[Result "1-0"]
[WhiteElo "2201"]
[BlackElo "2461"]
[PlyCount "87"]
[EventDate "2023.06.13"]
[EventType "swiss (blitz)"]
[EventRounds "11"]
[EventCountry "USA"]
[SourceTitle "EXT 2024"]
[Source "ChessBase"]
[SourceDate "2023.10.10"]
[SourceVersion "1"]
[SourceVersionDate "2023.10.10"]
[SourceQuality "1"]

1. e4 c5 2. Nf3 d6 3. d4 cxd4 4. Nxd4 Nf6 5. Nc3 g6 6. Be3 Bg7 7. f3 Nc6 8. Qd2 0-0 9. 0-0-0 d5 10. Qe1 e5 11. Nxc6 bxc6 12. exd5 Nxd5 13. Bc4 Be6 14. Ne4 Qc7 15. Bc5 Rfd8 16. Kb1 h6 17. g4 f5 18. gxf5 gxf5 19. Nc3 Qf7 20. Bb3 Kh7 21. Rg1 Nf4 22. Qg3 Bxb3 23. axb3 Ne6 24. Bd6 Qf6 25. Rge1 e4 26. fxe4 fxe4 27. Rxe4 Rd7 28. Be5 Rxd1+ 29. Nxd1 Qf5 30. Re1 Rg8 31. Bxg7 Rxg7 32. Qe3 Nf4 33. Rf1 Rg2 34. Qxf4 Qxc2+ 35. Ka2 Rg7 36. Qf5+ Qxf5 37. Rxf5 Rg4 38. Rf7+ Kg6 39. Rf2 Rh4 40. Ne3 Kg5 41. Nc4 Rh3 42. Ne5 Kh5 43. Nxc6 Re3 44. Nxa7 1-0

[Event "Titled Tuesday intern op 13th Jun Late"]
[Site "Chess.com INT"]
[Date "2023.06.13"]
[Round "11"]
[White "Zhou, Qiyu"]
[Black "Martins, Vinicius Tine"]
[Result "1-0"]
[WhiteElo "2201"]
[BlackElo "2212"]
[PlyCount "51"]
[EventDate "2023.06.13"]
[EventType "swiss (blitz)"]
[EventRounds "11"]
[EventCountry "USA"]
[SourceTitle "EXT 2024"]
[Source "ChessBase"]
[SourceDate "2023.10.10"]
[SourceVersion "1"]
[SourceVersionDate "2023.10.10"]
[SourceQuality "1"]

1. e4 c5 2. Nf3 d6 3. d4 cxd4 4. Nxd4 Nf6 5. Nc3 g6 6. Be3 Bg7 7. f3 0-0 8. Qd2 Nc6 9. 0-0-0 Nxd4 10. Bxd4 Be6 11. Kb1 Re8 12. g4 Qa5 13. h4 Rab8 14. g5 Nh5 15. Bxg7 Kxg7 16. Bh3 Bxh3 17. Rxh3 Qe5 18. Nd5 Rbc8 19. Rhh1 e6 20. Ne3 Rc6 21. Ng4 Qf4 22. Qd4+ e5 23. Qd3 Rec8 24. c3 a6 25. Ne3 Qxf3 26. Nf5+ 1-0